| 000 | 01043nam0a2200313 i 4500 | ||
|---|---|---|---|
| 001 | RU\NLR\BIBL_A\011347527 | ||
| 005 | 20240921231438.0 | ||
| 010 |
_a9785444457528 _92500 |
||
| 021 |
_aRU _b2017-9804 _9722 |
||
| 035 | _a(NLR Aleph) 011347527 | ||
| 090 |
_a11226485 _c11226485 |
||
| 100 | _a20170316d2017 u y0rusy50 ca | ||
| 101 | 0 | _arus | |
| 102 | _aRU | ||
| 105 | _aa|||z|||000ay | ||
| 200 | 1 |
_aЭхо чужих грехов _e[роман] _fМарта Таро |
|
| 210 |
_aМосква _cВече _d2017 |
||
| 215 |
_a318, [1] с. _cил. _d20 |
||
| 225 | 1 | _aГалантный детектив | |
| 311 | _aНовый роман из цикла "Галантный детектив" | ||
| 333 | _a16+ | ||
| 488 | 0 |
_12001#$aГалантный детектив$eцикл _tГалантный детектив |
|
| 686 | 2 | _aШ6(2=Р)8-446 | |
| 700 | 1 |
_aТаро _bМ. _gМарта _9176340 _3RU\NLR\AUTH\770176391 |
|
| 942 | _cBOOK | ||
| 980 | _aNBR | ||